000 004220000a22001570004500
001 004443
003 MACL
040 _aMACL
090 _c16436
_d16435
100 _aBeane, Wendell Charles
245 _aMyth, Cult & Symbols In Sakta Hinduism
_bA Study Of The Indian Mother Goddesh
_cWendell Charles Beane
260 _aMunshiram manoharlal Publishers,
_c2001
350 _a550
650 _aReligion
942 _k295
_cBook
999 _c16332
_d16332